| 000 | 00694nam a2200217Ia 4500 | ||
|---|---|---|---|
| 001 | 11903 | ||
| 003 | GE_BSU | ||
| 008 | 181216s||||||||xx |||||||||||||| ||und|| | ||
| 040 | _cGE_BSU | ||
| 080 | _a57.571 | ||
| 100 | _aНасонов,Д.Н. | ||
| 245 | _aНекоторые вопросы морфологии и физиологии клетки | ||
| 245 | _bИзбранные труды | ||
| 245 | _cХуд.Н.Ф.Виноградов | ||
| 260 | _aМосква | ||
| 260 | _bАкад.Наук СССР | ||
| 260 | _c1963 | ||
| 300 | _a361стр.27см.илл. | ||
| 653 | _aНекоторые вопросы морфологии и физиологии клетки | ||
| 942 | _cBK | ||
| 999 |
_c45080 _d45080 |
||